Návrh rekonštrukcie čistiarne odpadových vôd cukrovaru na zvýšené odstraňovanie dusíka bakalárska práca

Salvato in:
Dettagli Bibliografici
Autore principale: Miklušáková, Klaudia
Natura: Libro
Lingua:slovacco
Pubblicazione: Bratislava STU FCHPT 2018
Accesso online:Visualizza in OPAC
Tags: Aggiungi Tag
Nessun Tag, puoi essere il primo ad aggiungerne!!

MARC

LEADER 00000nam a2200000 a 4500
005 20260127134120.0
008 181022 2018 xo a 001 0 slo d
035 |a vtls011786510 
039 9 |y 201810220834  |z mschk03 
040 |a STUSCHK1  |b slo  |c STUSCHK1  |e AACR2 
100 1 |a Miklušáková, Klaudia 
245 1 |a Návrh rekonštrukcie čistiarne odpadových vôd cukrovaru na zvýšené odstraňovanie dusíka  |b bakalárska práca  |c Klaudia Miklušáková 
260 |a Bratislava  |b STU FCHPT  |c 2018 
300 |a 57 s.  |b il.  |c 25 cm 
500 |a Študijný program: chemické inžinierstvo 
500 |a Študijný odbor: chemické inžinierstvo 
500 |a Školiace pracovisko: Oddelenie chemického a biochemického inžinierstva 
500 |a Evid. číslo: FCHPT-5431-76831 
910 |a SCHK95 
999 |c 4418  |d 4418